| 000 | 00466nam a22001817a 4500 | ||
|---|---|---|---|
| 003 | CEME | ||
| 005 | 20210628202039.0 | ||
| 008 | 210128b xxu||||| |||| 00| 0 eng d | ||
| 020 | _a81-7676-017-X | ||
| 040 | _c. | ||
| 082 | _a641.692 HAR | ||
| 100 |
_aHarveen Choudhary _958043 |
||
| 245 | _aLow calorie recipes : non vegetarian | ||
| 260 |
_bVITA MEHTA _c2003 |
||
| 300 | _a103P | ||
| 650 |
_aLOW CALORIE RECIPES : NON VEGETARIAN _958044 |
||
| 942 |
_cBK _2ddc |
||
| 999 |
_c568265 _d568265 |
||